[Event "EU-chT Seniors 50"]
[Site "Swidnica"]
[Date "2025.04.12"]
[Round "8.15"]
[White "Jackson, Sheila"]
[Black "Kruczynski, Marek"]
[Result "1-0"]
[WhiteElo "2031"]
[BlackElo "1862"]
[PlyCount "59"]
[EventDate "2025.04.05"]
[EventType "team-tourn"]
[EventRounds "9"]
[EventCountry "POL"]
[SourceTitle "CB16_2025"]
[SourceDate "2025.04.16"]
[SourceVersion "1"]
[SourceVersionDate "2025.04.16"]
[SourceQuality "1"]
[WhiteTeam "England 50 (W)"]
[BlackTeam "Giecek Radkow 50"]
[WhiteTeamCountry "ENG"]
[BlackTeamCountry "POL"]

1. e4 d5 2. exd5 Qxd5 3. Nc3 Qd6 4. d4 Nf6 5. Nf3 Bg4 6. Bb5+ c6 7. Be2 Nbd7 8. 0-0 e6 9. Be3 Qc7 10. h3 h5 11. Ng5 Nb6 12. hxg4 hxg4 13. g3 Bd6 14. Kg2 0-0-0 15. Bxg4 Nxg4 16. Qxg4 f5 17. Qf3 Qd7 18. Rh1 Rhf8 19. Bf4 Be7 20. Rae1 Rf6 21. Be5 Rg6 22. Nf7 Rf8 23. Qh5 Rg4 24. f3 Rxd4 25. Bxd4 Qxd4 26. Ne5 Bc5 27. Re2 Nd5 28. Nxd5 cxd5 29. Nd3 Qc4 30. Qg6 1-0

[Event "Polanica Zdroj op-C 58th"]
[Site "Polanica Zdroj"]
[Date "2022.08.20"]
[Round "8"]
[White "Kruczynski, Marek"]
[Black "Grubiak, Roman"]
[Result "1/2-1/2"]
[WhiteElo "1651"]
[BlackElo "1637"]
[PlyCount "259"]
[EventDate "2022.08.13"]
[EventType "swiss"]
[EventRounds "9"]
[EventCountry "POL"]
[SourceTitle "CBM 210 Extra"]
[Source "ChessBase"]
[SourceDate "2022.11.30"]
[SourceVersion "1"]
[SourceVersionDate "2022.11.30"]
[SourceQuality "1"]

1. e4 e6 2. d3 d5 3. Qe2 dxe4 4. dxe4 Bd7 5. g3 Nc6 6. c3 h5 7. Nf3 e5 8. Be3 Be7 9. Nbd2 h4 10. Bg2 hxg3 11. hxg3 Rxh1+ 12. Bxh1 Bf6 13. Bg2 Be7 14. Bh1 Bf6 15. Bg2 Be7 16. Bh1 Bf6 17. 0-0-0 Qe7 18. Nb3 b6 19. Nfd2 0-0-0 20. f4 Kb8 21. f5 Bg5 22. Nf3 Bxe3+ 23. Qxe3 Nf6 24. Qe2 Ng8 25. Qe3 Nf6 26. Qe2 Ng8 27. Qe3 Nf6 28. Nh4 Ng8 29. Nf3 Nf6 30. Nh4 Bc8 31. Nf3 Bd7 32. Nh4 Bc8 33. Bf3 Rxd1+ 34. Kxd1 Ne8 35. Kc2 Nd6 36. Nd2 Ne8 37. Nb3 Nd6 38. Nd2 Qf8 39. Nb3 Qe7 40. Nd2 Qf8 41. Qd3 Bb7 42. Qe3 Bc8 43. Qd3 Bb7 44. Qe3 Bc8 45. Qd3 Bb7 46. Qe3 Bc8 47. Qd3 Bb7 48. Qe3 Bc8 49. Qd3 Bb7 50. Qe3 Bc8 51. Qd3 Bb7 52. Qe3 Na5 53. Nb3 Nc6 54. Nd2 Na5 55. Nb3 Nc6 56. Nd2 Na5 57. Be2 Nc6 58. Bf3 Na5 59. Be2 c5 60. b3 Nc6 61. Ng2 Na5 62. Nh4 Nc6 63. Ng2 Na5 64. Nh4 Nc6 65. Ng2 Ne7 66. Nh4 Nc6 67. Ng2 Ne7 68. Nh4 f6 69. Bd3 Qc8 70. Be2 Qf8 71. Bd3 Qc8 72. Be2 Qf8 73. Bd3 Qc8 74. Be2 Qf8 75. Bd3 Qc8 76. Nhf3 b5 77. Kb2 Qc6 78. Kc2 Qc8 79. Kb2 Qc6 80. Kc2 Qc8 81. Kb2 Qc6 82. Kc2 Qc8 83. Kb2 Qc6 84. g4 b4 85. cxb4 cxb4 86. Bc2 Nec8 87. Bd3 Ne7 88. Bc2 Nec8 89. Bd3 Ne7 90. Bc2 Nec8 91. Bd3 Ne7 92. Bc2 Nec8 93. Ne1 Ne7 94. Nef3 Nec8 95. Ne1 Qb6 96. Qxb6 Nxb6 97. Nef3 a5 98. g5 Nd7 99. gxf6 gxf6 100. Nh2 Kc7 101. Ng4 Kd8 102. Nh2 Kc7 103. Ng4 Kd8 104. Nh2 Kc7 105. Ng4 Kd8 106. a4 Ke8 107. Nf2 Nc5 108. Kc1 Nd7 109. Kb2 Nc5 110. Kc1 Kf8 111. Kb2 Ke8 112. Kc1 Kf8 113. Kd1 Kg7 114. Ke2 Kh6 115. Ke3 Kg5 116. Nf3+ Kh6 117. Nd2 Kg5 118. Nf3+ Kh6 119. Nd2 Kg5 120. Nf3+ Kh6 121. Nd2 Bc6 122. Ke2 Bb7 123. Ke3 Kg5 124. Nf3+ Kh6 125. Nd2 Bc6 126. Bd1 Bb7 127. Bc2 Kg5 128. Nf3+ Kh6 129. Nd2 Bc6 130. Bd1 1/2-1/2

[Event "Rubinstein Memorial-A 54th"]
[Site "Polanica Zdroj"]
[Date "2018.08.18"]
[Round "1"]
[White "Jankowiak, Tomasz"]
[Black "Kruczynski, Marek"]
[Result "1-0"]
[WhiteElo "2117"]
[BlackElo "1786"]
[PlyCount "63"]
[EventDate "2018.08.18"]
[EventType "swiss"]
[EventRounds "9"]
[EventCountry "POL"]
[SourceTitle "CBM 186 Extra"]
[Source "ChessBase"]
[SourceDate "2018.08.24"]
[SourceVersion "1"]
[SourceVersionDate "2018.08.24"]
[SourceQuality "1"]

1. e4 b6 2. d4 Bb7 3. Bd3 Nf6 4. Nc3 e6 5. f4 c5 6. Nf3 c4 7. Bxc4 Nxe4 8. Nxe4 Bxe4 9. 0-0 Qc7 10. Qe2 Bg6 11. Ne5 Bd6 12. g4 Bxe5 13. dxe5 Nc6 14. c3 0-0 15. f5 Nxe5 16. Bb3 Nxg4 17. fxg6 fxg6 18. Rxf8+ Rxf8 19. Qxg4 h5 20. Qg3 Qc6 21. Bf4 h4 22. Qxh4 Qc5+ 23. Kg2 Qc6+ 24. Kg3 Qe4 25. Rf1 g5 26. Qxg5 Rf6 27. Qb5 Rg6+ 28. Bg5 Qe3+ 29. Kh4 Qe4+ 30. Rf4 Qe1+ 31. Kh5 Qb1 32. Qf1 1-0

[Event "Lazy Baltic Pearl op 14th"]
[Site "Lazy"]
[Date "2018.06.27"]
[Round "4"]
[White "Jarocka, Liwia"]
[Black "Kruczynski, Marek"]
[Result "1/2-1/2"]
[WhiteElo "1984"]
[BlackElo "1731"]
[PlyCount "92"]
[EventDate "2018.06.24"]
[EventType "swiss"]
[EventRounds "9"]
[EventCountry "POL"]
[SourceTitle "CBM 185 Extra"]
[Source "ChessBase"]
[SourceDate "2018.07.29"]
[SourceVersion "1"]
[SourceVersionDate "2018.07.29"]
[SourceQuality "1"]

1. e4 b6 2. d4 Bb7 3. Bd3 Nf6 4. Nd2 e6 5. Ngf3 c5 6. c3 cxd4 7. cxd4 d5 8. e5 Nfd7 9. 0-0 Be7 10. Re1 0-0 11. Nf1 Re8 12. Ng3 g6 13. Qd2 Nf8 14. Qh6 Ba6 15. Bb1 Nbd7 16. Ng5 f5 17. exf6 Nxf6 18. Bf4 Rc8 19. a3 Bd6 20. Be5 Bxe5 21. dxe5 Ng4 22. Qh4 Rc4 23. Bd3 Nxe5 24. Bxc4 Nxc4 25. Qf4 Qe7 26. b3 Nd6 27. Nf3 Nd7 28. Ne5 Nxe5 29. Qxe5 Nf7 30. Qd4 Bb7 31. f4 Nd8 32. b4 Nc6 33. Qf2 Qf6 34. Rad1 Re7 35. Ne2 Ba6 36. Nd4 Nxd4 37. Qxd4 Qxd4+ 38. Rxd4 Bc4 39. Kf2 Kf7 40. Re3 b5 41. Ke1 a5 42. bxa5 Ra7 43. Rc3 Rxa5 44. Re3 Ke7 45. Rd2 Kd6 46. g4 Ra7 1/2-1/2

[Event "Bialystok Zamenhof Memorial-B 36th"]
[Site "Bialystok"]
[Date "2017.12.28"]
[Round "4"]
[White "Parol, Pola"]
[Black "Kruczynski, Marek"]
[Result "1/2-1/2"]
[WhiteElo "1929"]
[BlackElo "1743"]
[PlyCount "117"]
[EventDate "2017.12.27"]
[EventType "swiss"]
[EventRounds "9"]
[EventCountry "POL"]
[SourceTitle "CBM 182 Extra"]
[Source "ChessBase"]
[SourceDate "2018.02.23"]
[SourceVersion "1"]
[SourceVersionDate "2018.02.23"]
[SourceQuality "1"]

1. e4 b6 2. d4 Bb7 3. Bd3 Nf6 4. Nc3 e6 5. Nf3 d5 6. exd5 exd5 7. 0-0 Be7 8. Bf4 0-0 9. Re1 Bb4 10. Bg5 h6 11. Bh4 c5 12. Qd2 Nc6 13. Qf4 c4 14. Bf5 Be7 15. Rad1 Nh5 16. Bxe7 Nxf4 17. Bxd8 Raxd8 18. g3 Ne6 19. Bxe6 fxe6 20. Ne5 Nxe5 21. Rxe5 Bc8 22. f4 g6 23. Rde1 Bd7 24. h4 h5 25. Kg2 Kg7 26. Ne2 b5 27. Ng1 Rb8 28. Nf3 Rb6 29. Rg5 Rf5 30. Ne5 Be8 31. Kf3 b4 32. g4 Rxg5 33. fxg5 Ra6 34. Ra1 Rb6 35. b3 c3 36. a4 a5 37. Kg3 Ra6 38. Re1 Rb6 39. Nd3 Bf7 40. Nc5 Rd6 41. Kf4 Rc6 42. Ke5 hxg4 43. Kf4 g3 44. Kxg3 Rd6 45. Kf4 Kf8 46. Ke5 Ke7 47. Rf1 Rb6 48. Rf6 Rc6 49. Nd3 Rc8 50. Nf4 Rh8 51. Rxe6+ Kd7 52. Rd6+ Ke7 53. Nxg6+ Bxg6 54. Rxg6 Rxh4 55. Ra6 Rh2 56. Ra7+ Kf8 57. Rxa5 Rxc2 58. Rc5 Ra2 59. Kf6 1/2-1/2

[Event "POL-chT3 Dolnoslaskie 1415"]
[Site "Poland"]
[Date "2014.12.14"]
[Round "4.20"]
[White "Kolasinski, Krzysztof"]
[Black "Kruczynski, Marek"]
[Result "1-0"]
[WhiteElo "2035"]
[BlackElo "1834"]
[PlyCount "51"]
[EventDate "2014.10.26"]
[EventType "team-tourn"]
[EventRounds "11"]
[EventCountry "POL"]
[SourceTitle "EXT 2018"]
[Source "ChessBase"]
[SourceDate "2017.10.13"]
[SourceVersion "1"]
[SourceVersionDate "2017.10.13"]
[SourceQuality "1"]
[WhiteTeam "Kopernik WKS"]
[BlackTeam "Radkow Giecek"]
[WhiteTeamCountry "POL"]
[BlackTeamCountry "POL"]

1. g3 e5 2. Bg2 f5 3. e4 d6 4. exf5 Bxf5 5. Bxb7 Nd7 6. Qf3 Rb8 7. d3 Bg6 8. Nc3 Be7 9. Nh3 Nh6 10. Bxh6 gxh6 11. 0-0-0 Rf8 12. Qc6 Bh5 13. Nd5 Bf3 14. Nxc7+ Qxc7 15. Qxc7 Rxb7 16. Qc4 Kd8 17. Rhe1 Rc7 18. Qe6 Bxd1 19. Kxd1 Rf6 20. Qg8+ Nf8 21. f4 Rg6 22. Qd5 Kc8 23. fxe5 dxe5 24. Rxe5 Bd6 25. Re8+ Kd7 26. Rxf8 1-0

[Event "Polanica Zdroj op-B 46th"]
[Site "Polanica Zdroj"]
[Date "2010.08.24"]
[Round "7"]
[White "Czajkowski, Adam"]
[Black "Kruczynski, Marek"]
[Result "1-0"]
[WhiteElo "1781"]
[BlackElo "1988"]
[PlyCount "77"]
[EventDate "2010.08.18"]
[EventType "swiss"]
[EventRounds "9"]
[EventCountry "POL"]
[SourceTitle "CBM 138 Extra"]
[Source "ChessBase"]
[SourceDate "2010.10.29"]
[SourceVersion "1"]
[SourceVersionDate "2010.10.29"]
[SourceQuality "1"]

1. e4 b6 2. d4 Bb7 3. Bd3 e6 4. Be3 f5 5. exf5 exf5 6. Bxf5 Nf6 7. Nf3 g6 8. Bd3 Bg7 9. 0-0 0-0 10. c3 Nc6 11. Nbd2 d5 12. Qc2 Qd6 13. Rae1 Rae8 14. Bg5 Nh5 15. h4 Bc8 16. Nh2 Nf4 17. Rxe8 Rxe8 18. Bxf4 Qxf4 19. h5 Bh6 20. Ndf3 Bf5 21. hxg6 hxg6 22. g3 Bxd3 23. Qxd3 Qd6 24. Ng4 Bg7 25. Kg2 Re4 26. Ne3 Bh6 27. Nc4 Qe6 28. Nce5 Ne7 29. Nd2 Bxd2 30. Qxd2 Nf5 31. Rh1 c5 32. f3 Re3 33. g4 cxd4 34. cxd4 Nxd4 35. Qxe3 Nc6 36. Nc4 Qd7 37. Qg5 dxc4 38. Qxg6+ Kf8 39. Rh8+ 1-0

[Event "Kowalewo Pomorskie op-A 17th"]
[Site "Kowalewo Pomorskie"]
[Date "2010.07.09"]
[Round "8"]
[White "Kruczynski, Marek"]
[Black "Flazinski, Jozef"]
[Result "0-1"]
[WhiteElo "1988"]
[BlackElo "2000"]
[PlyCount "76"]
[EventDate "2010.07.04"]
[EventType "swiss"]
[EventRounds "8"]
[EventCountry "POL"]
[SourceTitle "CBM 137 Extra"]
[Source "ChessBase"]
[SourceDate "2010.09.01"]
[SourceVersion "1"]
[SourceVersionDate "2010.09.01"]
[SourceQuality "1"]

1. e4 c5 2. Nc3 Nc6 3. f4 g6 4. Nf3 Bg7 5. Bc4 e6 6. 0-0 Nge7 7. d3 0-0 8. Qe1 d5 9. Bb3 Qb6 10. Kh1 Nb4 11. a3 Nxd3 12. cxd3 Qxb3 13. Qh4 f6 14. Nd2 Qb6 15. Rb1 Bd7 16. b4 cxb4 17. Rxb4 Qc7 18. Bb2 Bc6 19. Ba1 Rad8 20. Nb5 Bxb5 21. Rxb5 dxe4 22. Nxe4 Nf5 23. Qf2 Rxd3 24. Nc5 Re3 25. Nxb7 Rb8 26. Rxf5 Rxa3 27. Rc5 Qxb7 28. Rfc1 Bf8 29. R5c4 Be7 30. Bd4 a5 31. h4 Qd5 32. Bc5 Rh3+ 33. Kg1 Qxc4 34. Rxc4 Rb1+ 35. Qf1 Bxc5+ 36. Rxc5 Rh1+ 37. Kxh1 Rxf1+ 38. Kh2 Rxf4 0-1

[Event "Polanica Zdroj op-B 43rd"]
[Site "Polanica Zdroj"]
[Date "2007.08.20"]
[Round "4"]
[White "Chrzaszcz, Malvina"]
[Black "Kruczynski, Marek"]
[Result "1/2-1/2"]
[WhiteElo "1872"]
[BlackElo "2002"]
[PlyCount "56"]
[EventDate "2007.08.17"]
[EventType "swiss"]
[EventRounds "10"]
[EventCountry "POL"]
[SourceTitle "CBM 120 Extra"]
[Source "ChessBase"]
[SourceDate "2007.11.01"]
[SourceVersion "1"]
[SourceVersionDate "2007.11.01"]
[SourceQuality "1"]

1. e4 c5 2. Nf3 e6 3. d4 cxd4 4. Nxd4 a6 5. Nc3 b5 6. Be2 Bb7 7. Bf3 Qc7 8. 0-0 Nc6 9. Nxc6 Bxc6 10. Bg5 Bd6 11. h3 h6 12. Be3 Nf6 13. Qd3 Be5 14. a3 0-0 15. Bd4 d6 16. Rad1 Rac8 17. Rd2 Nd7 18. Qe3 Qb7 19. Na2 Nf6 20. Bxe5 dxe5 21. Re1 Rfd8 22. Rd3 Rxd3 23. Qxd3 Qa8 24. Qd6 Bxe4 25. Bxe4 Nxe4 26. Qxe5 Nf6 27. Nc3 Rd8 28. Re2 Qc6 1/2-1/2